000 00888nam a22002537a 4500
999 _c2418
_d2418
003 AR-CdUCM
008 190304b ||||| |||| 00| 0 spa d
040 _aMUNICIPALIDAD PROVINCIAL DEL CUSCO
_cBIBLIOTECA MUNICIPAL DEL CUSCO
082 _a330 /
_bE79
100 _aEscobal, Javier
_98489
245 _aBalance d la investigación económica en el Perú /
260 _aLima :
_bAtenea,
_c2000.
300 _a157 páginas ;
_c20 cm.
440 _aConsorcio de investigación económica y social
_98682
505 _aPobreza y distribución del ingreso -- Educación -- Salud -- Empleo -- Centralismo y descentralización...
650 _aPobreza.
_94721
650 _aDistribución de ingreso.
_98683
650 _aEmpleo.
_95099
650 _aSalud.
_98684
650 _aRegulación.
_98685
700 _aIguñiz, Javier
_98686
942 _2ddc
_cLIBROS
945 _awfj
_d2019-03-04